Films avec Al Pacino en images. - Statistiques

Statistiques générales
  • Ce quiz a été pris 44 fois
  • Le résultat moyen est 7 sur 16
Statistiques - réponses
Par images Réponse % Correct
Scarface
98%
Le Parrain, 2e partie
93%
Heat
73%
The Irishman
60%
Serpico
55%
Donnie Brasco
53%
L'Associé du diable
53%
Insomnia
50%
Once Upon a Time… in Hollywood
50%
L'Impasse
43%
Le Temps d'un week-end
35%
Un après-midi de chien
28%
L'Enfer du dimanche
20%
Glengarry
5%
La Chasse
5%
Révélations
5%
Aucun quiz correspondant
Distribution des résultats
% des personnes avec chaque résultat
Percentile par nombre de réponses
Votre historique - résultats
Vous n’avez pas pris ce quiz